Central Library OPAC University of Rajshahi

কোরআনুল কারীম থেকে আগত কিছু বাংলা শব্দাবলী বা (শব্দতত্ত্ব) / (Record no. 74272)

MARC details
000 -LEADER
fixed length control field 01005nam a2200217 a 4500
001 - CONTROL NUMBER
control field 74272
003 - CONTROL NUMBER IDENTIFIER
rucl marc code BD-RjUL
005 - DATE AND TIME OF LATEST TRANSACTION
control field 20211209082529.0
008 - FIXED-LENGTH DATA ELEMENTS--GENERAL INFORMATION
fixed length control field 180509s2014bg ||||| d||| 00| 0 ben d
035 ## - SYSTEM CONTROL NUMBER
System control number (BD-RjUL)74490
040 ## - CATALOGING SOURCE
Original cataloging agency BD-RjUL
Language of cataloging ben
Transcribing agency BD-RjUL
Modifying agency BD-RjUL
041 ## - LANGUAGE CODE
Language code of text/sound track or separate title ben
-- ara
082 ## - DEWEY DECIMAL CLASSIFICATION NUMBER
Edition number 23
Classification number 491.4424927
Author mark and year KOR 2014
245 1# - TITLE STATEMENT
Title কোরআনুল কারীম থেকে আগত কিছু বাংলা শব্দাবলী বা (শব্দতত্ত্ব) /
Statement of responsibility, etc. এম, আহসান; সংকলক
260 ## - PUBLICATION, DISTRIBUTION, ETC. (IMPRINT)
Place of publication, distribution, etc. মোহাম্মদপুর, ঢাকা :
Name of publisher, distributor, etc. আহমদ ইকবাল হাসান,
Date of publication, distribution, etc. ২০১৪
300 ## - PHYSICAL DESCRIPTION
Pagination ১০৪ পৃ. ;
Size ২০ সেমি.
650 ## - SUBJECT ADDED ENTRY--TOPICAL TERM
Topical term or geographic name as entry element বাংলা ভাষা
9 (RLIN) 221391
General subdivision বিদেশী শব্দ এবং বাক্যাংশ
Form subdivision আরবী
Topical term or geographic name as entry element Bengali language
9 (RLIN) 221392
General subdivision Foreign words and phrases
Form subdivision Arabic.
700 1# - ADDED ENTRY--PERSONAL NAME
Personal name আহসান, এম.
942 ## - ADDED ENTRY ELEMENTS (KOHA)
Source of classification or shelving scheme Dewey Decimal Classification
Koha item type Books
Holdings
Lost status Source of classification or shelving scheme Damaged status Not for loan Collection code Permanent Location Current Location Shelving location Date acquired Source of acquisition Total Checkouts Full call number Date last seen Copy number Koha item type
  Dewey Decimal Classification   Not For Loan Reference Central Library, University of Rajshahi Central Library, University of Rajshahi   17/09/2017 Gift by Author   BR 491.4424927 KOR 2014 09/05/2018 C-1 Books
  Dewey Decimal Classification   Not For Loan Reference Central Library, University of Rajshahi Central Library, University of Rajshahi   17/09/2017 Gift by Author   BR 491.4424927 KOR 2014 09/05/2018 C-2 Books